000 00580nam a2200181Ia 4500
003 GCL
008 140319s9999 xx 000 0 ara d
040 _aGCL /
_cGCL
082 0 4 _aق
_b301.44062
_bم ت
100 1 _aمحمود محمد جاد
245 1 0 _aالتركيب الطبقى للحديثة المصرية فى العصر الحديث /
_cمحمود محمد جاد
300 _a183
490 _a100 قصة
_v0
650 0 4 _aالاحوال الاجتماعية
650 0 4 _aالطبقات الاجتماعية
650 0 4 _aالمدن - مصر
942 _2ddc
_cBK
999 _c44226
_d44226